| 000 | 00381nam a2200145Ia 4500 | ||
|---|---|---|---|
| 008 | 220216s9999 xx 000 0 und d | ||
| 100 | _aMohankumar S | ||
| 245 | 0 | _aRubber sheeting industry needs more attention | |
| 260 |
_bRubber Asia _c1995 |
||
| 300 | _a41-46 | ||
| 650 | _aRubber industry | ||
| 650 | _aRubber sheeting industry | ||
| 700 | _aKrishnankutty P N | ||
| 942 | _cJS | ||
| 999 |
_c68002 _d68002 |
||